Book Blanket: Four-Word Titles Quiz Stats

Quiz Updated Sep 10, 2014

Challenge
Share
Tweet
Embed
Score 0/145 Timer 09:00
1 Play Today
Books % Correct
To
100%
A
100%
The
100%
A
100%
The
100%
The
100%
And
100%
The
100%
The
100%
A
100%
The
100%
The
100%
A
100%
The
100%
The
100%
A
100%
The
100%
The
100%
A
100%
The
100%
A
100%
The
100%
The
100%
The
100%
The
100%
To
99.9%
Of
99.9%
I
99.9%
Men
99.9%
Of
99.9%
To
99.9%
Of
99.9%
Of
99.9%
To
99.9%
Of
99.9%
I
99.9%
Of
99.9%
Of
99.9%
Of
99.9%
Of
99.9%
Of
99.9%
Of
99.9%
Harper Lee
99.9%
Code
99.9%
You
99.9%
Dan Brown
99.9%
John Steinbeck
99.9%
Charles Darwin
99.9%
Looking
99.9%
Books % Correct
As
99.9%
William Faulkner
99.9%
Joy
99.9%
Wife
99.9%
Green
99.9%
Is
99.9%
John Steinbeck
99.9%
P.S
99.9%
E.M. Forster
99.9%
Thomas Hardy
99.9%
Cecilia Ahern
99.9%
Jack Higgins
99.9%
With
99.9%
Margaret Mitchell
99.9%
Ernest Hemingway
99.9%
Ken Follett
99.9%
C.S. Lewis
99.9%
John Grisham
99.9%
Shop
99.9%
Charles Dickens
99.9%
Lewis Carroll
99.9%
Arthur Golden
99.9%
Caterpillar
99.9%
Eric Carle
99.9%
William Golding
99.9%
Town
99.9%
Nevil Shute
99.9%
Fifty
99.9%
E.L. James
99.9%
Alex Comfort
99.9%
Tailor
99.9%
Spy
99.9%
John Le Carre
99.9%
Suns
99.9%
Khaled Hosseini
99.9%
Eagle
99.9%
F. Scott Fitzgerald
99.9%
L.M. Montgomery
99.9%
Adam Smith
99.9%
Audrey Niffenegger
99.9%
Geisha
99.9%
Love
99.8%
Kill
94.1%
Kill
94.1%
Da
93.3%
Mockingbird
93.2%
Vinci
93%
Of
91.3%
Love
91%
Books % Correct
Mice
90.8%
Glass
88.9%
Shades
88.2%
Grey
88%
Through
86.2%
Gables
81.3%
Anne
80.6%
Tinker
80.3%
Time
79.4%
Time
79.4%
Hungry
78.8%
Soldier
76.8%
Very
76.6%
Memoirs
73.9%
Lay
71.4%
Wind
70.6%
Gone
70.4%
Species
70%
Has
69.9%
Landed
69.7%
Grapes
69.7%
Wrath
69.6%
Dying
68.4%
Traveler's
66.6%
Lord
65.9%
Flies
65.8%
Arms
62.8%
Origin
62%
Farewell
60.3%
Thousand
54.4%
Sex
51.5%
Night
50.5%
Tess
47.3%
Old
46.6%
Curiosity
45.4%
Tender
40.3%
D'urbervilles
39.4%
Splendid
35.7%
Nations
32.9%
India
32.6%
Wealth
32.6%
Passage
32.4%
Alice
31.6%
Eye
28.5%
Needle
26.2%
Like
22.8%
Allegory
7.3%

You're not logged in!

Compare scores with friends on all Sporcle quizzes.
Sign Up with Email
OR
Log In

You Might Also Like...

Show Comments

Extras

Top Quizzes Today


Score Distribution

Your Account Isn't Verified!

In order to create a playlist on Sporcle, you need to verify the email address you used during registration. Go to your Sporcle Settings to finish the process.